All Madonna Singles Quiz - Statistics

General Stats
  • This quiz has been taken 88 times
  • The average score is 52 of 88
Answer Stats
Year Single % Correct
1984 Like a Virgin
94%
1989 Like a Prayer
89%
1986 Papa Don't Preach
89%
1990 Vogue
89%
1983 Holiday
88%
2000 Music
85%
1998 Ray of Light
83%
1985 Material Girl
82%
1986 True Blue
82%
1992 Erotica
77%
1998 Frozen
77%
1985 Into the Groove
77%
1987 La Isla Bonita
77%
2005 Hung Up
75%
1983 Lucky Star
74%
1984 Borderline
72%
1989 Cherish
72%
1990 Justify My Love
72%
1985 Crazy for You
71%
1989 Express Yourself
71%
2003 Hollywood
71%
1986 Live to Tell
71%
1986 Open Your Heart
71%
2006 Sorry
71%
2008 4 Minutes
69%
1997 Don't Cry for Me Argentina
69%
1987 Who's That Girl
69%
2002 Die Another Day
68%
2000 Don't Tell Me
68%
1990 Hanky Panky
68%
1999 Beautiful Stranger
66%
1995 Bedtime Story
66%
1993 Rain
66%
1994 Take a Bow
66%
2003 American Life
65%
2000 American Pie
65%
1992 Deeper and Deeper
65%
1985 Dress You Up
63%
1999 Nothing Really Matters
63%
1992 This Used to Be My Playground
63%
1983 Burning Up
62%
1987 Causing a Commotion
62%
1982 Everybody
62%
1989 Oh Father
62%
1994 Secret
62%
1995 Human Nature
60%
2006 Jump
60%
1991 Rescue Me
60%
1998 Drowned World/Substitute for Love
58%
1993 Fever
58%
1998 The Power of Good-Bye
58%
1993 Bad Girl
57%
2015 Bitch I'm Madonna
57%
2009 Celebration
57%
1989 Dear Jessie
57%
2003 Love Profusion
54%
2001 What It Feels Like for a Girl
54%
1985 Angel
52%
2006 Get Together
51%
2012 Girl Gone Wild
51%
2008 Give It 2 Me
51%
1994 I'll Remember
51%
2014 Living for Love
49%
2003 Me Against the Music
49%
1985 Gambler
48%
2015 Ghosttown
48%
1995 You'll See
48%
1990 Keep It Together
46%
2019 Medellín
46%
1996 Love Don't Live Here Anymore
45%
2008 Miles Away
43%
1997 Another Suitcase in Another Hall
42%
2009 Revolver
42%
1996 You Must Love Me
42%
2012 Give Me All Your Lovin'
40%
1987 The Look of Love
40%
2012 Turn Up the Radio
40%
1993 Bye Bye Baby
38%
1988 Spotlight
37%
2012 Masterpiece
35%
2007 Hey You
34%
2003 Nothing Fails
32%
1996 One More Chance
32%
2019 Crave
29%
2020 I Don't Search I Find
26%
2019 I Rise
25%
2015 Hold Tight
18%
2020 Levitating
18%
No matching quizzes found
Score Distribution
Percent of People with Each Score
Percentile by Number Answered
Your Score History
You have not taken this quiz